Регионална библиотека "Любен Каравелов" - Русе

Математическа читанка (Запис номер 30618)

MARC детайли
000 -Лидер
Контролно поле с фиксирана дължина 02019nam a2200409 c 4500
003 - Код на организацията, давaща контролен номер
Контролно поле BLK
005 - Дата и час на последна редакция
Контролно поле 20231118111432.0
008 - Елементи от данни с фиксирана дължина
fixed length control field 180407b bul|||||r ||||||| ||bul||
010 ## - Наследен системен номер
LC control number KNG00033254000
020 ## - Международен стандартен номер на книга ISBN
Международен стандартен номер на книга ISBN 954-528-172-3
-- издат.: Труд - (Труд)
020 ## - Международен стандартен номер на книга ISBN
Международен стандартен номер на книга ISBN 954-733-139-6
-- издат.: Прозорец - (Прозорец)
040 ## - Източник на каталожния запис
Идентификатор на билиотеката - собственик на записа BLK
041 ## - Код за език
Код за езика на текст/звукозапис или на отделно заглавие Български
Код за езика КДБФ Български
080 ## - УДК
Текстов определител УДК Основи на математиката в основното образование
УДК код - определител по УДК 372.47
УДК определител (075.2)
УДК - код + определител 372.47(075.2)
100 1# - Редна дума - Автор
Автор Златилов, Веселин
Авторска отговорност първи автор
Автор - информация (биография) Стамов, Веселин Златилов
R(LIN) 366562
139 ## - Редно поле
Редна дума Математическа читанка
Авторски знак Мате - М 39
245 10 - Сведения за заглавието
Заглавие Математическа читанка
Подзаглавни данни Уч. пособие за IV кл.
Редно поле (дума) Веселин Златилов; * Таня Тонова; * Илиана Иванова Цветкова; * Валерия Панделиева.
257 ## - Страна на издаване
Страна на създаване/издаване България
260 ## - Област на издателските данни
-- София
Име на издателя, разпространителя и проч. Труд
-- Прозорец
Година на издаване 2000
Печатница София : ПК Д. Благоев
300 ## - Физическа характеристика
Страници 208 с.
Илюстрации и др. с ил., сх., черт.
Размери/Мащаб 24 см
380 ## - Жанр
Жанр Обществени науки
490 1# - СЕРИИ (Колекции)
Име на серия Библиотека Познание
500 ## - Общи забележки
Забележка Други авт. : Т. Тонова, И. Цветкова, В. Панделиева. - Библиогр. с. 207. - Офс. изд. - Доп. тир. 2005.
650 #4 - Допълнително описание по предмет – тема
Основно описание – тема или топоним Математика - задачи - учебници за основни училища
9 (RLIN) 242716
653 ## - Ключова дума – ненормативна
Ключова дума математика
653 ## - Ключова дума – ненормативна
Ключова дума учебници за основни училища
653 ## - Ключова дума – ненормативна
Ключова дума ІV кл.
700 1# - Други автори (авторска отговорност)
Лично име Тонова, Таня
Автороска отговорност (Описва отношението между автора и произведението) *
9 (RLIN) 270950
700 1# - Други автори (авторска отговорност)
Лично име Цветкова, Илиана Иванова
Автороска отговорност (Описва отношението между автора и произведението) *
9 (RLIN) 270951
700 1# - Други автори (авторска отговорност)
Лично име Панделиева, Валерия
Автороска отговорност (Описва отношението между автора и произведението) *
9 (RLIN) 366563
852 ## - Местоположение
Форматна сигнатура Цб 205403
856 4# - Електронен адрес и достъп
Електронен формат pdf - файл
Път до файла /url/
856 4# - Електронен адрес и достъп
Електронен формат pdf - файл
Път до файла /url/
942 ## - АРТИКУЛИ
Вид на библиотечния материал Книги
Скрит в OPAC Не
Koha issues (borrowed), all copies 4
944 ## - СЪЗДАВАНЕ И РЕДАКЦИЯ на ЗАПИСА
Създаване/Редакция Създаване
Дата на регистрацията/редакция 15.01.2003
Статус, дата на статуса Геновева Генчева
Служител, извършил регистрацията/редакцията 30560
944 ## - СЪЗДАВАНЕ И РЕДАКЦИЯ на ЗАПИСА
Създаване/Редакция Редакция
Дата на регистрацията/редакция 10.04.2013
Статус, дата на статуса ф /
Служител, извършил регистрацията/редакцията
999 ## - СИСТЕМНИ КОНТРОЛНИ НОМЕРА
Koha biblionumber 30618
Koha biblioitemnumber 30618
Наличности
Код за отписване Код за изгубен артикул Източник на класификационната схема Код за повреда Коз за рестрикции Код за отдаване Артикулен № Име на библиотеката - собственик Име на библиотеката, в която се намира в момента Статус (Текущо местоположение) Дата на вписване в системата Местоположение - отдел Цена в лева Инвентарен номер Систематично азбучна сигнатура Баркод Номер на екземпляра Цена в евро Служебна бележка Служебен тип на артикула
  Не е изгубен Universal Decimal Classification Не е повреден без рестрикции ползва се в читалня 49004 Регионална библиотека "Любен Каравелов" Русе Регионална библиотека "Любен Каравелов" Русе Хранилище 2001-01-01 Хранилище 5.99 658575 Цб 205403 120000658575 1 3.06 Дост: Dp Вид: Д N: стар фонд Дата: 01.01.2000 Книги
Изтеглен Не е изгубен Universal Decimal Classification Не е повреден без рестрикции заемане за дома 49005 Регионална библиотека "Любен Каравелов" Русе Регионална библиотека "Любен Каравелов" Русе Детски отдел 2012-10-24 Детски отдел 5.99 120000760734 ДН 372.47/М 39 120000760734 2 3.06 Дост: DA Вид: А N: 19 Дата: 19.10.2012 Книги
Изтеглен Не е изгубен Universal Decimal Classification Не е повреден без рестрикции заемане за дома 689729 Регионална библиотека "Любен Каравелов" Русе Регионална библиотека "Любен Каравелов" Русе Детски отдел 2019-02-19 Детски отдел 6.99   ДН 372.47/М 39 120000830211   3.57   Книги
Vip Innovations Ltd, Rousse, Bulgaria 2025